[Event "37th World Junior Girls"]
[Site "New Delhi IND"]
[Date "2019.10.24"]
[Round "10.24"]
[White "Harshita, Guddanti"]
[Black "Toshali, V"]
[Result "1-0"]
[WhiteTitle "WIM"]
[WhiteElo "2123"]
[BlackElo "1868"]
[WhiteFideId "25043250"]
[BlackFideId "5072611"]
[EventDate "2019.10.15"]

1. e4 Nc6 2. d4 d6 3. d5 Ne5 4. f4 Nd7 5. Nf3 Nc5 6. Nc3 c6 7. Be3 Qa5 8. Qd4
Nd7 9. Bd2 Qb6 10. O-O-O Ngf6 11. e5 Nxd5 12. Nxd5 cxd5 13. exd6 Qxd4 14. Nxd4
e6 15. f5 Nf6 16. Bb5+ Bd7 17. fxe6 fxe6 18. Nxe6 Bxb5 19. Nc7+ Kd7 20. Nxb5
Bxd6 21. Bc3 Be7 22. Bxf6 Bxf6 23. Rxd5+ Kc6 24. Rhd1 b6 25. a4 a6 26. Rd6+ Kb7
27. Rd7+ Kc8 28. Na7+ Kb8 29. Nc6+ Kc8 30. Rf7 Re8 31. Rdd7 Be5 32. Nxe5 Rxe5
33. Rde7 Rxe7 34. Rxe7 Kb8 35. Rxg7 Ra7 36. Rxa7 Kxa7 37. Kd2 Kb7 38. Kd3 Kc6
39. Kd4 Kd6 40. b4 h6 41. c4 h5 42. g3 Kc6 43. h3 Kd6 44. c5+ bxc5+ 45. bxc5+
Kc6 46. g4 h4 47. Kc4 a5 48. Kd4 Kc7 49. Kd5 Kd7 50. c6+ Kc8 51. g5 Kd8 52. Kd6
Ke8 53. g6 Kf8 54. c7 Kg7 55. c8=Q Kh6 56. Qf5 Kg7 57. Ke7 Kg8 58. Qf7+ Kh8 59.
Qh7# 1-0

[Event "37th World Junior Girls"]
[Site "New Delhi IND"]
[Date "2019.10.24"]
[Round "10.43"]
[White "Reid, Caitlin"]
[Black "Jayaweera, Sayuni Gihansa"]
[Result "0-1"]
[BlackTitle "WCM"]
[WhiteElo "1489"]
[BlackElo "1788"]
[WhiteFideId "2405059"]
[BlackFideId "9917314"]
[EventDate "2019.10.15"]

1. e4 c5 2. c3 g6 3. d4 cxd4 4. Qxd4 Nf6 5. Bf4 Nc6 6. Qe3 Bg7 7. Be2 d5 8. e5
d4 9. cxd4 Nxd4 10. Na3 Nf5 11. Bb5+ Bd7 12. Qd3 Qa5+ 13. Bd2 Bxb5 14. Nxb5 Rd8
15. Bxa5 Rxd3 16. exf6 Bxf6 17. Ne2 O-O 18. Nxa7 Rd6 19. Nb5 Rd5 20. a4 Ra8 21.
Nc7 Raxa5 22. Nxd5 Rxd5 23. O-O Rd2 24. Rfe1 Nd4 25. Nxd4 Bxd4 26. Rxe7 Rxf2 27.
h3 Re2+ 28. Kh2 Rxe7 29. Rb1 Re2 30. b4 Rb2 31. Rxb2 Bxb2 32. Kg3 Kf8 33. Kf4
Bc3 34. b5 f6 35. Ke4 Ke7 36. Kd5 b6 37. g3 Kd7 38. g4 g5 39. Kc4 Be1 40. Kd5 h6
41. Ke4 Ke6 42. Kd4 f5 43. gxf5+ Kxf5 44. Kd5 Kf4 0-1

[Event "37th World Junior Girls"]
[Site "New Delhi IND"]
[Date "2019.10.25"]
[Round "11.11"]
[White "Nastase, Andreea-Cristina"]
[Black "Protopopova, Anastasiya"]
[Result "0-1"]
[WhiteTitle "WFM"]
[BlackTitle "WFM"]
[WhiteElo "2077"]
[BlackElo "2263"]
[WhiteFideId "1221183"]
[BlackFideId "24172073"]
[EventDate "2019.10.15"]

1. d4 Nf6 2. c4 e6 3. Nc3 Bb4 4. e3 O-O 5. Ne2 Re8 6. a3 Bf8 7. Ng3 d6 8. Bd3 e5
9. O-O a5 10. d5 g6 11. e4 h5 12. Bg5 Be7 13. Be2 Nh7 14. Bxe7 Qxe7 15. Bxh5
gxh5 16. Nxh5 Qh4 17. Ng3 Na6 18. f4 exf4 19. Qf3 Nc5 20. Qxf4 Qxf4 21. Rxf4 Nd3
22. Rh4 Nxb2 23. e5 Rxe5 24. Rf1 Bd7 25. Nce4 f5 26. Nd2 Nd3 27. Nf3 Re7 28. Rd4
Re3 29. Nh4 f4 30. Ngf5 Bxf5 31. Nxf5 Re5 32. g4 Nc5 33. Rdxf4 Ng5 34. Kh1 Re4
35. h4 Rxf4 36. Rxf4 Nge4 37. g5 Rf8 38. Kg2 Kh7 39. Kf3 Re8 40. Kg4 Nd3 41. Rf1
Nef2+ 42. Rxf2 Nxf2+ 43. Kh5 Re5 44. g6+ Kg8 45. Kg5 Ne4+ 46. Kf4 Nf6 47. Kg5
Ne8 0-1

[Event "37th World Junior Girls"]
[Site "New Delhi IND"]
[Date "2019.10.25"]
[Round "11.14"]
[White "Potluri, Supreetha"]
[Black "Cervantes Landeiro, Thalia"]
[Result "0-1"]
[WhiteTitle "WFM"]
[BlackTitle "WIM"]
[WhiteElo "1767"]
[BlackElo "2176"]
[WhiteFideId "25053094"]
[BlackFideId "3520498"]
[EventDate "2019.10.15"]

1. d4 Nf6 2. Nf3 g6 3. g3 d5 4. Bg2 Bg7 5. O-O O-O 6. c4 dxc4 7. Na3 c3 8. bxc3
c5 9. e3 Nc6 10. Bb2 cxd4 11. exd4 Bf5 12. Re1 Rc8 13. Qe2 Qb6 14. Nc4 Qa6 15.
Nfd2 Bg4 16. Qe3 Be6 17. Bf1 Qa4 18. Na3 Qa5 19. h3 Rfd8 20. Nb3 Qc7 21. c4 Nb4
22. Qd2 a5 23. Nb5 Qd7 24. Nxa5 Nc6 25. Nb3 Bxh3 26. d5 Bxf1 27. Rxf1 Qh3 28.
Bxf6 Bxf6 29. Rae1 Ne5 30. Rxe5 Bxe5 31. Qe3 Bf6 32. Nc5 b6 33. Ne4 Qf5 34. d6
Rd7 35. Nxf6+ Qxf6 36. Qxb6 exd6 37. Rd1 Rxc4 38. a4 Rxa4 39. Qc6 Ra2 40. Rf1
Rd8 41. Nc7 Ra1 42. Nd5 Rxf1+ 43. Kxf1 Qe5 44. Nb6 Re8 45. Nd7 Qa1+ 46. Kg2 Qa8
47. Nf6+ Kh8 48. Qxa8 Rxa8 49. Kf3 Kg7 50. Ne4 Ra3+ 51. Kf4 Rd3 52. f3 f5 53.
Nf2 Ra3 54. g4 Ra4+ 55. Ke3 fxg4 56. fxg4 Kf6 57. Ne4+ Ke5 58. Ng5 Rxg4 59. Nxh7
d5 60. Nf8 d4+ 61. Kd3 Rg3+ 62. Kd2 Ke4 63. Ne6 Rg2+ 64. Ke1 d3 65. Nc5+ Ke3 66.
Kf1 Rc2 0-1

[Event "37th World Junior Girls"]
[Site "New Delhi IND"]
[Date "2019.10.25"]
[Round "11.15"]
[White "Pandey, Srishti"]
[Black "Chitlange, Sakshi"]
[Result "0-1"]
[BlackTitle "WIM"]
[WhiteElo "1963"]
[BlackElo "2175"]
[WhiteFideId "35093290"]
[BlackFideId "35002899"]
[EventDate "2019.10.15"]

1. e4 c6 2. d4 d5 3. exd5 cxd5 4. c4 Nf6 5. Nc3 Nc6 6. Bg5 dxc4 7. Bxc4 h6 8.
Bh4 e6 9. Nf3 Be7 10. O-O O-O 11. Re1 Bd7 12. Qe2 Nh5 13. Bg3 Bb4 14. Rad1 Nxg3
15. hxg3 Ne7 16. Ne5 Bxc3 17. bxc3 Qc7 18. Bb3 Nc6 19. Qd3 Nxe5 20. Rxe5 b5 21.
g4 Rac8 22. Rc1 Qd6 23. Rce1 Rfd8 24. R1e3 b4 25. c4 Be8 26. d5 exd5 27. Rxd5
Qc7 28. Qe2 Kf8 29. Rde5 a5 30. Re7 Qd6 31. Ra7 Ra8 32. c5 Qf6 33. Rxa8 Rxa8 34.
Rf3 Qe7 35. Qc2 Kg8 36. Re3 Qf6 37. Qe2 Kf8 38. Qd3 Qg6 39. Qd4 Rc8 40. Re5 Qf6
41. Qe3 a4 42. Bc4 Rb8 43. g5 hxg5 44. Rxg5 g6 45. Rg3 Bc6 46. Qh6+ Qg7 47. Qd2
Qa1+ 48. Kh2 Qe5 49. Kg1 Re8 50. Qxb4 Qa1+ 51. Kh2 Re1 52. Qb8+ Kg7 53. Re3 Rh1+
54. Kg3 Qg1 55. Qe5+ Kh7 56. Bd5 Bd7 57. Qe7 Qh2+ 58. Kf3 Qh5+ 59. Ke4 Qf5+ 60.
Kd4 Rd1+ 61. Kc3 Qxd5 62. Kb4 Rb1+ 63. Ka3 Be6 64. Rxe6 Qd3+ 0-1

[Event "37th World Junior Girls"]
[Site "New Delhi IND"]
[Date "2019.10.25"]
[Round "11.24"]
[White "Sapale, Saloni"]
[Black "Ghosh, Samriddhaa"]
[Result "1-0"]
[WhiteTitle "WIM"]
[WhiteElo "2142"]
[BlackElo "1867"]
[WhiteFideId "5085527"]
[BlackFideId "5094003"]
[EventDate "2019.10.15"]

1. e4 c6 2. d4 d5 3. e5 Bf5 4. h4 h5 5. Bd3 Bxd3 6. Qxd3 e6 7. Bg5 Qa5+ 8. Nd2
Qa6 9. c4 Ne7 10. Ne2 Nd7 11. O-O Nf5 12. Ng3 Ne7 13. b3 f6 14. exf6 gxf6 15.
Bf4 O-O-O 16. Qc2 e5 17. dxe5 Nxe5 18. Nf5 N7g6 19. Bg3 Bb4 20. cxd5 Bxd2 21.
Bxe5 fxe5 22. Qxd2 cxd5 23. Qg5 Kb8 24. Ne7 Nxe7 25. Qxe7 Rhe8 26. Qg5 Qe6 27.
Rae1 e4 28. Qxh5 Rh8 29. Qg5 Rdg8 30. Qf4+ Ka8 31. f3 Qh3 32. Qh2 Qxh2+ 33. Kxh2
Rxh4+ 34. Kg1 a6 35. fxe4 dxe4 36. Rf2 Rhg4 37. Re3 Ka7 38. Rfe2 Re8 39. g3 Reg8
40. Kg2 Kb6 41. Rc2 Rd8 42. Kh3 Rd3 43. Rc3 Rxc3 44. Rxc3 Rg7 45. Kg2 Rd7 46.
Rc2 Kb5 47. g4 Rf7 48. Re2 Rf4 49. Kg3 Rf3+ 50. Kh4 e3 51. g5 Kc5 52. g6 Rf6 53.
Kg5 Re6 54. g7 Re8 55. Kf6 Kd4 56. Rh2 Rg8 57. Rh8 Rxg7 58. Kxg7 e2 59. Rh1 Kd3
60. Kf7 Kd2 61. Ke7 e1=Q+ 62. Rxe1 Kxe1 63. Kd6 Kd2 64. Kc7 Kc3 65. Kxb7 a5 66.
Kb6 Kb4 67. a4 1-0

[Event "37th World Junior Girls"]
[Site "New Delhi IND"]
[Date "2019.10.25"]
[Round "11.27"]
[White "Fretel, Liza"]
[Black "Salimova, Nurgyul"]
[Result "0-1"]
[BlackTitle "FM"]
[WhiteElo "1877"]
[BlackElo "2415"]
[WhiteFideId "26045460"]
[BlackFideId "2915138"]
[EventDate "2019.10.15"]

1. e4 e5 2. Nf3 Nc6 3. Bc4 Nf6 4. d3 Be7 5. O-O O-O 6. Re1 d6 7. a4 Kh8 8. a5 a6
9. Nbd2 Ng8 10. Nf1 f5 11. exf5 Bxf5 12. Ne3 Bg6 13. Bd5 Bh5 14. g4 Bg6 15. Be4
Bxe4 16. dxe4 Rf4 17. Nd2 Bh4 18. Rf1 Bg5 19. Nd5 Rf8 20. Nc4 Bxc1 21. Rxc1 Nd4
22. f3 Ne7 23. c3 Ne6 24. Nce3 Nxd5 25. Nxd5 Qg5 26. Rc2 c6 27. Nb6 Rad8 28. Kh1
Nf4 29. Rd2 Qe7 30. Re1 Rf6 31. Nc4 h5 32. Ne3 hxg4 33. fxg4 g6 34. Qf3 Kg7 35.
Rg1 Rh8 36. g5 Rf7 37. Qg4 d5 38. Rgd1 Qc5 39. Ng2 Nh3 40. Qg3 Nf2+ 41. Rxf2
Qxf2 42. Qxe5+ Kh7 43. h4 Qf3 44. Re1 dxe4 45. Kh2 Rd8 46. Re3 Qf5 47. Qxf5 Rxf5
48. Rxe4 Rd7 49. b4 Rff7 50. Nf4 Rfe7 51. Ne6 Re8 52. Nc5 Rxe4 53. Nxe4 Rd3 54.
Kg2 Kg7 55. Kf2 Rh3 56. Nc5 Rxc3 57. Nxb7 Rc4 58. Nd8 Rxb4 59. Nxc6 Rxh4 60. Nb8
Rg4 61. Nxa6 Rxg5 62. Nb4 Rxa5 63. Nd3 Ra3 64. Nf4 g5 65. Ne2 Kg6 66. Ng3 g4 67.
Kg2 Ra2+ 68. Kf1 Kg5 69. Kg1 Kf4 70. Nf1 g3 0-1

[Event "37th World Junior Girls"]
[Site "New Delhi IND"]
[Date "2019.10.25"]
[Round "11.36"]
[White "Levitan, Ronit"]
[Black "Mirza, Diana"]
[Result "1-0"]
[WhiteTitle "WCM"]
[BlackTitle "WFM"]
[WhiteElo "1893"]
[BlackElo "1986"]
[WhiteFideId "2815109"]
[BlackFideId "2503999"]
[EventDate "2019.10.15"]

1. e4 c5 2. c3 d5 3. exd5 Qxd5 4. d4 Nc6 5. Nf3 Bf5 6. Be2 cxd4 7. cxd4 Bxb1 8.
Rxb1 e6 9. O-O Be7 10. Be3 Bf6 11. Qa4 Ne7 12. b4 O-O 13. b5 Nd8 14. Nd2 Qf5 15.
Bf3 Nd5 16. Rbc1 Be7 17. Ne4 a5 18. Nc3 Nxe3 19. fxe3 Qg5 20. Rfe1 f5 21. a3 Rf6
22. b6 Rh6 23. g3 Bd6 24. Qd7 Nf7 25. Nb5 Rd8 26. Rc8 Bf8 27. Rxd8 Nxd8 28. Nd6
Bxd6 29. Qxd6 Kf7 30. Qc7+ Ke8 31. Bxb7 Qh5 32. Bc6+ Nxc6 33. Qxc6+ Ke7 34. Qg2
e5 35. Rb1 Qg5 36. b7 Qxe3+ 37. Qf2 1-0